Česká čítanka pro starší školní věk v letech 1870-1970 a její kanonické texty /

Hlavní autor: Čeňková, Jana, 1957-
Korporativní autor: Univerzita Karlova
Jazyk: Čeština
Vydáno: V Praze : Karolinum, 2011
Vydání: Vyd. 1.
Témata:
Fyzický popis: 148 s. : faksim. ; 21 cm
Language note: Německé resumé
Knihy
Uloženo v:
LEADER 02251nam a2200601 a 4500
001 nkc20122268667
003 CZ PrNK
005 20120517091542.0
007 ta
008 120103s2011 xr h f 000 0 cze
015 |a cnb002268667 
020 |a 978-80-246-1924-8  |q (brož.) 
035 |a (OCoLC)794207690 
040 |a ABA001  |b cze 
041 0 |a cze  |b ger 
043 |a e-xr--- 
045 |a w7x7 
072 7 |a 82  |x Literatura. Literární život  |2 Konspekt  |9 11 
080 |a 37.091.64(075)  |2 MRF 
080 |a 82:37.016  |2 MRF 
080 |a 37.016.026  |2 MRF 
080 |a [82:081]-021.61  |2 MRF 
080 |a 82.07  |2 MRF 
080 |a (437.3)  |2 MRF 
080 |a (048.8)  |2 MRF 
100 1 |a Čeňková, Jana,  |d 1957-  |7 jx20050930025  |4 aut 
245 1 0 |a Česká čítanka pro starší školní věk v letech 1870-1970 a její kanonické texty /  |c Jana Čeňková 
250 |a Vyd. 1. 
260 |a V Praze :  |b Karolinum,  |c 2011 
300 |a 148 s. :  |b faksim. ;  |c 21 cm 
504 |a Obsahuje bibliografii a bibliografické odkazy 
546 |a Německé resumé 
550 |a Vydavatel: Univerzita Karlova 
648 7 |a 19.-20. století  |7 ch757015  |2 czenas 
648 4 |a 1870-1970 
650 0 7 |a čítanky  |7 ph161932  |z Česko  |y 19.-20. století  |2 czenas 
650 0 7 |a literární výchova  |7 ph117228  |z Česko  |y 19.-20. století  |2 czenas 
650 0 7 |a předmětová didaktika  |7 ph162893  |z Česko  |y 19.-20. století  |2 czenas 
650 0 7 |a literární kánon  |7 ph388304  |z Česko  |2 czenas 
650 0 7 |a interpretace a přijetí literárního díla  |7 ph137145  |z Česko  |2 czenas 
650 0 9 |a readers  |z Czechia  |y 19th-20th centuries  |2 eczenas 
650 0 9 |a literary education  |z Czechia  |y 19th-20th centuries  |2 eczenas 
650 0 9 |a teaching school subjects  |z Czechia  |y 19th-20th centuries  |2 eczenas 
650 0 9 |a literary canon  |z Czechia  |2 eczenas 
650 0 9 |a interpretation and reception of literature  |z Czechia  |2 eczenas 
655 7 |a monografie  |7 fd132842  |2 czenas 
655 9 |a monographs  |2 eczenas 
710 2 |a Univerzita Karlova  |7 kn20010710036 
910 2 |a BOA001  |b 2-1281.865 
990 |a BK 
995 |a 01 
991 |b 201205  |c NOV  |e n 
996 6 |b 2610510159  |c 2-1281.865  |l MZK  |r Sklad / do 1 hodiny  |n 2  |p p.v.  |w 001245394  |u 000010  |a 1  |e BOA001  |j MZK50  |s P